• 首页
  • 本馆介绍
  • 公告通知
  • 最新文献
  • 馆藏检索
  • 电子资源
  • 读者导购
  • 参考咨询
  • 我的图书馆
  • 登录
  • 详细信息显示
  • 放入我的书架
  • 预约/预借图书
  • 作者相关作品
  • 分类相关作品
  • 丛书相关作品
  • 出版社相关作品

书目信息

  • 表格格式
  • 工作单格式
  • 卡片格式
题名:
杨振宁传
    
 
作者: 黄芬香 编著
分册:  
出版信息: 郑州   河南文艺出版社  2017
页数: 165页
开本: 21cm
丛书名: 十大华人科学家丛书
单 册:
中图分类: K837.126.11
科图分类:
主题词:
电子资源:
ISBN: 978-7-5559-0614-8
000 00887oam2 2200253 450
001 2153135913
005 20211018173724.0
010    @a978-7-5559-0614-8@dCNY24.00
100    @a20181129d2017 em y0chiy50 ea
101 0  @achi
102    @aCN@b410000
105    @ay z 000yb
106    @ar
200 1  @a杨振宁传@Ayang zhen ning chuan@f黄芬香编著
210    @a郑州@c河南文艺出版社@d2017
215    @a165页@d21cm
225 2  @a十大华人科学家丛书@Ashi da hua ren ke xue jia cong shu
330    @a本书记述了杨振宁的一生事迹。杨振宁先生固当世的理论物理学家,他在学界的崇高地位为天下所公认。是自爱因斯坦和狄拉克之后,20世纪物理学出类拔萃的设计师。
461  0 @12001 @a十大华人科学家丛书
600  0 @a杨振宁@Ayang zhen ning@x传记
690    @aK837.126.11@v5
701  0 @a黄芬香@Ahuang fen xiang@4编著
801  0 @aCN@b百万庄@c20211018
905    @b1311008-011@dK837.126.11@e1191@f4
    
    杨振宁传/黄芬香编著.-郑州:河南文艺出版社,2017
    165页;21cm.-(十大华人科学家丛书)
    
    
    ISBN 978-7-5559-0614-8:CNY24.00
    本书记述了杨振宁的一生事迹。杨振宁先生固当世的理论物理学家,他在学界的崇高地位为天下所公认。是自爱因斯坦和狄拉克之后,20世纪物理学出类拔萃的设计师。
●
相关链接 在E读中查询图书 在五车中查询图书 在当当中查询图书 在豆瓣中查询图书


正题名:杨振宁传     索取号:K837.126.11/1191         预约/预借

序号 登录号 条形码 馆藏地/架位号 状态 备注
1 1311008   213110088   第二样本阅览室/ [索取号:K837.126.11/1191] 在馆    
2 1311009   213110097   第二借阅区/ [索取号:K837.126.11/1191] 在馆    
3 1311010   213110104   第二借阅区/ [索取号:K837.126.11/1191] 在馆    
4 1311011   213110113   第二借阅区/ [索取号:K837.126.11/1191] 在馆    
唐山师范学院图书馆 欢迎您!
大连网信软件有限公司© 版权所有